Predseda Združenia miest a obcí Slovenska Michal Sýkora "vyznávam taktiku dialógu"

Bibliographic Details
Main Authors: Wiesner, Karol (Author, Interviewer), Sýkora, Michal, 1953- (Author)
Other Authors: Zamborský, Viktor, 1957- (Photographer)
Format: Article
Language:Slovak
PhysicalDescription:Fotogr.
ISSN:1336-4030
Subjects:
Online Access:www.vecernik.po.sk

MARC

LEADER 00000nab a2200000 a 4500
001 vtls008984642
003 SK-MaSNL
005 20260303065408.0
008 070427c20070212xo dr n 000 00slo
015 |a SNBRB2007/04SVKPO 
038 |a SVKPOCL 
040 |a SVKPOCL  |b slo  |c AACR2  |e AACR2 
041 |a slo 
044 |a xo  |c SK 
080 |a 352(437.6)  |2 2001 
080 |a 061.25  |2 2001 
080 |a 32-51  |2 2001 
080 |a 929 Sýkora, Michal  |2 2001 
100 1 |a Wiesner, Karol  |4 ivr  |4 aut  |9 944500 
245 1 0 |a Predseda Združenia miest a obcí Slovenska Michal Sýkora  |b "vyznávam taktiku dialógu"  |c [zhováral sa] Karol Wiesner ; foto: Viktor Zamborský 
300 |a Fotogr. 
600 1 7 |a Sýkora, Michal,  |d 1953-  |2 svkpocl  |9 105790 
610 2 7 |a Združenie miest a obcí Slovenska  |2 svkpocl  |9 30200 
700 1 |a Sýkora, Michal,  |d 1953-   |4 ive  |4 aut  |9 105790 
700 1 |a Zamborský, Viktor,  |d 1957-   |4 pht  |9 371463 
773 0 |t Prešovský večerník  |g Roč. XVIII, č. 4136 (12.2.2007), s. 4  |x 1336-4030 
852 |a SVKPO  |b KIS3GCP 
856 4 1 |u www.vecernik.po.sk 
958 |a RG 
999 |c 1751029  |d 1752959